• 首页
  • 本馆介绍
  • 公告通知
  • 最新文献
  • 馆藏检索
  • 电子资源
  • 读者导购
  • 参考咨询
  • 我的图书馆
  • 登录
  • 详细信息显示
  • 放入我的书架
  • 预约/预借图书
  • 作者相关作品
  • 分类相关作品
  • 丛书相关作品
  • 出版社相关作品

书目信息

  • 表格格式
  • 工作单格式
  • 卡片格式
题名:
为你自己读书
    
 
作者: 肖卫 编著
分册:  
出版信息: 北京   中国华侨出版社  2007
页数: 241页
开本: 24cm
丛书名:
单 册:
中图分类: G792-49
科图分类:
主题词: 读书方法--青年读物
电子资源:
ISBN: 978-7-80222-442-1
000 00785nam0 2200229 450-
001 0101510199
005 20080203161938.0
010    @a978-7-80222-442-1@dCNY26.80
100    @a20080102d2007 em y0chiy0120 ea
101 0  @achi
102    @aCN@b110000
105    @ay z 000yy
106    @ar
200 1  @a为你自己读书@9Wei Ni Zi Ji Dou;Du Shu @f肖卫编著@b专著
210    @a北京@c中国华侨出版社@d2007
215    @a241页@d24cm
330    @a本书向青少年阐述了一个简单而深刻的道理——你是为自己读书,使青少年读者真正认识到读书的目的、读书的重要性、读书和自己未来人生命运的关系等等,并通过大量的事例加以说明。
606 0  @a读书方法@j青年读物
690    @aG792-49@v4
701  0 @a肖卫@c(作家)@9xiao wei@4编著
801  0 @aCN@b110017@c20080111
905    @aBZT@dG792-49@e3@f1@sG792-49/3
    
    为你自己读书/肖卫编著.-北京:中国华侨出版社,2007
    241页;24cm
    
    
    ISBN 978-7-80222-442-1:CNY26.80
    本书向青少年阐述了一个简单而深刻的道理——你是为自己读书,使青少年读者真正认识到读书的目的、读书的重要性、读书和自己未来人生命运的关系等等,并通过大量的事例加以说明。
●
相关链接 在五车中查询图书 在当当中查询图书 在豆瓣中查询图书


正题名:为你自己读书     索取号:G792-49/3         预约/预借

序号 登录号 条形码 馆藏地/架位号 状态 备注
1 2000026914   2000026914   旧书回溯/ [索取号:G792-49/3] 在馆    
山东省滨州职业学院图书馆 欢迎您!
大连网信软件有限公司© 版权所有